00605nam a2200193 u 4500001001900000003000400019005001700023008004100040015004400081020001800125040002000143100002000163245010700183260003400290300001800324490001800342650002900360650002200389991060992576706706OSt20230615180621.0 s2021 xx r 000 0 cat d 2Biblioteca de CatalunyaaDL B10755-2023 a9788419676184 aCDMRbcatcCDMR1 aEspañol, Piti aCom escriure diàlegs que funcionin per a cinema i televisió b: guia pràctica c/ Piti Español aBarcelona b: Laertesc, 2023 a204 pàgines aKaplan v; 71 0aGuions cinematogràfics 0aGuions televisius